[Event "4NCL Division 1b"]
[Site "Telford, ENG"]
[Date "2017.03.04"]
[Round "7.51"]
[White "Jones, Gawain C B"]
[Black "Wall, Tim P"]
[Result "1-0"]
[WhiteElo "2677"]
[BlackElo "2193"]
[PlyCount "45"]
[EventDate "2017.03.04"]
[WhiteTeam "Guildford 1"]
[BlackTeam "North East England"]

1. e4 g6 2. d4 Bg7 3. Nc3 c6 4. Nf3 d6 5. Be3 Nf6 6. h3 O-O 7. a4 d5 8. e5 Ne4
9. Bd3 Nxc3 10. bxc3 c5 11. h4 Nc6 12. h5 Qa5 13. Bd2 Qc7 14. hxg6 hxg6 15. Qc1
cxd4 16. cxd4 Bg4 17. Bh6 Nb4 18. Qd2 Nxd3+ 19. cxd3 f6 20. Bxg7 Kxg7 21. exf6+
Rxf6 22. Qh6+ Kf7 23. Ne5+ 1-0

[Event "4NCL Division 1b"]
[Site "Telford, ENG"]
[Date "2017.03.04"]
[Round "7.52"]
[White "Dunn, Andrew"]
[Black "Sadler, Matthew D"]
[Result "0-1"]
[WhiteElo "2252"]
[BlackElo "2671"]
[PlyCount "74"]
[EventDate "2017.03.04"]
[WhiteTeam "North East England"]
[BlackTeam "Guildford 1"]

1. d4 Nf6 2. Nf3 c5 3. e3 d5 4. Bd3 Nc6 5. c3 Bg4 6. h3 Bh5 7. Nbd2 e6 8. Qa4
Nd7 9. O-O Rc8 10. Re1 Be7 11. Ne5 Ncxe5 12. dxe5 O-O 13. Qc2 Nxe5 14. Bxh7+
Kh8 15. Bd3 Nxd3 16. Qxd3 c4 17. Qc2 b5 18. Nf1 Bg6 19. Qe2 Bd3 20. Qh5+ Kg8
21. f4 f6 22. Ng3 Bc5 23. Qg4 Qd7 24. Bd2 a5 25. a3 Rce8 26. Rad1 f5 27. Qf3 e5
28. Kh2 Re6 29. Ne2 Be4 30. Qf2 exf4 31. Nxf4 Rh6 32. Qg3 Be7 33. Ng6 Rxg6 34.
Qxg6 Rf6 35. Qh5 Rh6 36. Qe2 Qd6+ 37. Kg1 Rxh3 0-1

[Event "4NCL Division 1b"]
[Site "Telford, ENG"]
[Date "2017.03.04"]
[Round "7.53"]
[White "Fressinet, Laurent"]
[Black "Moreby, James"]
[Result "1-0"]
[WhiteElo "2660"]
[BlackElo "2123"]
[PlyCount "65"]
[EventDate "2017.03.04"]
[WhiteTeam "Guildford 1"]
[BlackTeam "North East England"]

1. d4 Nf6 2. Nf3 e6 3. c4 d5 4. Nc3 Bb4 5. Bg5 h6 6. Bxf6 Qxf6 7. e3 O-O 8. Rc1
c6 9. Qb3 Bxc3+ 10. Qxc3 Nd7 11. b4 dxc4 12. Bxc4 Re8 13. Ne5 Nxe5 14. dxe5 Qe7
15. O-O c5 16. bxc5 Qxc5 17. Qb2 Qe7 18. Rfd1 Rd8 19. Rxd8+ Qxd8 20. Be2 b6 21.
Rd1 Qc7 22. Rc1 Qe7 23. Qc3 Bd7 24. Ba6 Qe8 25. Qc4 Ba4 26. Qc7 Bb5 27. Bc8 a5
28. Qb7 Ra6 29. h3 a4 30. Rd1 Qf8 31. Qc7 Ra8 32. Rd8 Be8 33. Qb7 1-0

[Event "4NCL Division 1b"]
[Site "Telford, ENG"]
[Date "2017.03.04"]
[Round "7.54"]
[White "Dargan, Paul A G"]
[Black "Edouard, Romain"]
[Result "0-1"]
[WhiteElo "2177"]
[BlackElo "2616"]
[PlyCount "68"]
[EventDate "2017.03.04"]
[WhiteTeam "North East England"]
[BlackTeam "Guildford 1"]

1. e4 c5 2. c3 d5 3. exd5 Qxd5 4. d4 g6 5. Nf3 Bg7 6. Na3 Nf6 7. Bc4 Qe4+ 8.
Be3 O-O 9. O-O cxd4 10. Bxd4 Nc6 11. Re1 Qf5 12. Be5 a6 13. Nd4 Qd7 14. Nxc6
Qxc6 15. Be2 Be6 16. Bf3 Qb6 17. c4 Nd7 18. Bxg7 Kxg7 19. Bd5 Rad8 20. Bxe6
fxe6 21. Qe2 Nc5 22. Qe3 Rd3 23. Qe5+ Kg8 24. Re2 Rf5 25. Qb8+ Kg7 26. Rae1 Ne4
27. h3 Nd6 28. c5 Qxc5 29. Qd8 Rf7 30. Kh2 e5 31. Nc2 e4 32. Ne3 Nc8 33. Qe8
Qd6+ 34. Kg1 Nb6 0-1

[Event "4NCL Division 1b"]
[Site "Telford, ENG"]
[Date "2017.03.04"]
[Round "7.55"]
[White "Le Roux, Jean-Pierre"]
[Black "Coathup, Roger H"]
[Result "1-0"]
[WhiteElo "2541"]
[BlackElo "2158"]
[PlyCount "173"]
[EventDate "2017.03.04"]
[WhiteTeam "Guildford 1"]
[BlackTeam "North East England"]

1. e4 c5 2. Nc3 a6 3. g3 b5 4. Bg2 Bb7 5. d3 e6 6. Nh3 Nf6 7. O-O d6 8. f4 Be7
9. e5 Bxg2 10. Kxg2 Nd5 11. Nxd5 exd5 12. Qf3 dxe5 13. fxe5 O-O 14. Nf4 Nc6 15.
Qxd5 Nb4 16. Qxd8 Raxd8 17. Rf2 Nc6 18. a4 Nxe5 19. axb5 axb5 20. Re2 Bd6 21.
Ra6 Rfe8 22. b3 Bf8 23. Rb6 b4 24. h3 Ng6 25. Rxe8 Nxf4+ 26. Bxf4 Rxe8 27. Kf3
f5 28. Rb7 g6 29. Rc7 Re6 30. Be3 Re5 31. Rb7 Re6 32. Rd7 Rd6 33. Rc7 Rd5 34.
g4 Re5 35. Bf4 Rd5 36. Be3 Re5 37. Rb7 fxg4+ 38. hxg4 h5 39. gxh5 Rxh5 40. Rc7
Rh2 41. Rc8 Kf7 42. Bxc5 Bxc5 43. Rxc5 Ke6 44. Ke3 Kd6 45. Rc4 g5 46. Kf3 Kd5
47. Kg4 Rg2+ 48. Kf5 Kd6 49. Rxb4 Rxc2 50. Rd4+ Ke7 51. Kxg5 Ke6 52. Kf4 Rf2+
53. Ke3 Rb2 54. Rb4 Kd5 55. Rb8 Rh2 56. Rd8+ Kc5 57. d4+ Kc6 58. Kd3 Kb5 59.
Rb8+ Kc6 60. Kc3 Kd5 61. Rb5+ Kc6 62. Rg5 Rh1 63. Rc5+ Kd6 64. Kc4 Rc1+ 65. Kb5
Rd1 66. Rc8 Kd7 67. Rc4 Kd6 68. b4 Rb1 69. Rc8 Rb2 70. Rh8 Kc7 71. Rh6 Rd2 72.
Rc6+ Kb7 73. Rc4 Rh2 74. Kc5 Kc7 75. b5 Rh5+ 76. d5 Rh6 77. Re4 Rh5 78. Re7+
Kd8 79. Rg7 Rh6 80. b6 Kc8 81. Rg8+ Kb7 82. Rg7+ Kc8 83. d6 Rh1 84. Rg8+ Kb7
85. d7 Rc1+ 86. Kb4 Rb1+ 87. Kc3 1-0

[Event "4NCL Division 1b"]
[Site "Telford, ENG"]
[Date "2017.03.04"]
[Round "7.56"]
[White "Dalton, Joseph"]
[Black "Hebden, Mark L"]
[Result "0-1"]
[WhiteElo "2140"]
[BlackElo "2486"]
[PlyCount "101"]
[EventDate "2017.03.04"]
[WhiteTeam "North East England"]
[BlackTeam "Guildford 1"]

1. d4 d6 2. Nf3 Nd7 3. b3 e5 4. e3 c6 5. c4 Ngf6 6. Nc3 e4 7. Nd2 d5 8. f3 Bb4
9. Qc2 exf3 10. Nxf3 Ne4 11. Bd2 Nxd2 12. Nxd2 Nf6 13. O-O-O Qa5 14. Kb2 Be6
15. Bd3 Ng4 16. Rde1 Nf2 17. Rhf1 Nxd3+ 18. Qxd3 O-O-O 19. c5 b6 20. cxb6 axb6
21. Ndb1 Kb7 22. a3 Bd6 23. b4 Qa6 24. b5 cxb5 25. Qxb5 Qxb5+ 26. Nxb5 Bxh2 27.
N1c3 h5 28. e4 dxe4 29. Rxe4 Bc4 30. Re7+ Kc6 31. Na7+ Kd6 32. Rfe1 Be6 33. Rb7
Rb8 34. Rxb8 Rxb8 35. Rh1 Bf4 36. Rxh5 f5 37. g3 Bh6 38. Nab5+ Ke7 39. d5 Bd7
40. Rh2 Kf6 41. Nc7 Be3 42. N3b5 Rd8 43. d6 Bc5 44. Rd2 g5 45. Nc3 Bc6 46.
N7d5+ Bxd5 47. Nxd5+ Ke5 48. Kc3 Rxd6 49. Kc4 Be3 50. Re2 b5+ 51. Kd3 0-1

[Event "4NCL Division 1b"]
[Site "Telford, ENG"]
[Date "2017.03.04"]
[Round "7.57"]
[White "Suarez Real, Alberto"]
[Black "Henderson, David"]
[Result "1-0"]
[WhiteElo "2424"]
[BlackElo "2088"]
[PlyCount "83"]
[EventDate "2017.03.04"]
[WhiteTeam "Guildford 1"]
[BlackTeam "North East England"]

1. e4 e5 2. Nf3 Nc6 3. Nc3 Nf6 4. g3 d5 5. exd5 Nxd5 6. Bg2 Nxc3 7. bxc3 Bd6 8.
O-O O-O 9. Rb1 Rb8 10. d3 Bf5 11. Re1 Qd7 12. c4 b6 13. Bb2 Rfe8 14. Ng5 Nd4
15. Bd5 Bg6 16. Bxd4 exd4 17. Qf3 Rxe1+ 18. Rxe1 Re8 19. Rxe8+ Qxe8 20. h4 h6
21. Ne4 Bb4 22. h5 Bh7 23. c5 Qd7 24. cxb6 axb6 25. g4 c6 26. Bb3 Bxe4 27. Qxe4
Bc5 28. Ba4 Qe6 29. Bxc6 Qxe4 30. dxe4 Bd6 31. Kf1 Kf8 32. Ke2 Ke7 33. Kd3 Be5
34. Kc4 Kd6 35. Kb5 Kc7 36. Be8 f6 37. f3 Bd6 38. Kc4 Bc5 39. Kd5 Kd8 40. Bb5
Ke7 41. Kc6 Ke6 42. a4 1-0

[Event "4NCL Division 1b"]
[Site "Telford, ENG"]
[Date "2017.03.04"]
[Round "7.58"]
[White "Lampard, Alice"]
[Black "Milliet, Sophie"]
[Result "1/2-1/2"]
[WhiteElo "1862"]
[BlackElo "2374"]
[PlyCount "97"]
[EventDate "2017.03.04"]
[WhiteTeam "North East England"]
[BlackTeam "Guildford 1"]

1. d4 Nf6 2. c4 c5 3. d5 b5 4. cxb5 a6 5. bxa6 g6 6. Nc3 Bg7 7. e4 O-O 8. Nf3
Qa5 9. Bd2 Bxa6 10. g3 d6 11. Qc2 Nbd7 12. a4 Ng4 13. Nd1 Qb6 14. Bc3 Bxc3+ 15.
Nxc3 Rfb8 16. Rb1 Qa5 17. Nd2 Rb4 18. b3 Rab8 19. Bxa6 Qxa6 20. Nb5 Nge5 21.
O-O Rc8 22. Rfc1 Nf6 23. f4 Ned7 24. Qd3 Rd4 25. Qe3 Rxd2 26. Qxd2 Nxe4 27. Qe3
f5 28. Rc4 Ndf6 29. Nc3 Nxc3 30. Rxc3 Qb7 31. Rd1 Ne4 32. Rc4 Rb8 33. Rd3 Qb6
34. Kg2 Rf8 35. g4 Qb7 36. gxf5 gxf5 37. Rxe4 fxe4 38. Qxe4 Rf6 39. Rg3+ Kh8
40. f5 h6 41. Kg1 Qb4 42. Qxb4 cxb4 43. Rf3 Kg7 44. Kf2 Rf8 45. Ke3 Rc8 46. Kd4
Kf6 47. h4 Rc7 48. Ke4 Rc1 49. Kd4 1/2-1/2

[Event "4NCL Division 1b"]
[Site "Telford, ENG"]
[Date "2017.03.04"]
[Round "7.61"]
[White "Speelman, Jon S"]
[Black "Taylor, Adam C"]
[Result "1/2-1/2"]
[WhiteElo "2522"]
[BlackElo "2260"]
[PlyCount "48"]
[EventDate "2017.03.04"]
[WhiteTeam "Wood Green HK"]
[BlackTeam "Anglian Avengers 1"]

1. d4 Nf6 2. Nf3 e6 3. g3 d5 4. Bg2 Be7 5. c4 O-O 6. O-O dxc4 7. Qc2 b5 8. a4
b4 9. Ne5 Qxd4 10. Bxa8 Qxe5 11. Nd2 c6 12. Nxc4 Qh5 13. f3 Ba6 14. Kg2 Qc5 15.
b3 Nd5 16. e4 Bxc4 17. Qxc4 Qxc4 18. bxc4 Nb6 19. Bb7 Nxc4 20. a5 b3 21. Ra4 b2
22. Bg5 Bxg5 23. Rxc4 Bc1 24. Rfxc1 bxc1=Q 1/2-1/2

[Event "4NCL Division 1b"]
[Site "Telford, ENG"]
[Date "2017.03.04"]
[Round "7.62"]
[White "Player, Edmund C"]
[Black "Fitzsimons, David"]
[Result "0-1"]
[WhiteElo "2237"]
[BlackElo "2382"]
[PlyCount "82"]
[EventDate "2017.03.04"]
[WhiteTeam "Anglian Avengers 1"]
[BlackTeam "Wood Green HK"]

1. e4 g6 2. d4 Bg7 3. Nc3 d6 4. Be3 a6 5. Qd2 b5 6. h4 h5 7. f3 Nd7 8. a4 b4 9.
Nd1 Rb8 10. a5 c5 11. c3 bxc3 12. bxc3 e6 13. Bc4 Ne7 14. Qa2 d5 15. exd5 exd5
16. Bxd5 O-O 17. Bc4 cxd4 18. cxd4 Nf5 19. Ne2 Nxh4 20. O-O Bb7 21. Rb1 Qc7 22.
Rc1 Qd6 23. Qd2 Rbd8 24. Rb1 Bc6 25. Bf4 Ne5 26. Qc3 Nexf3+ 27. gxf3 Bxd4+ 28.
Qxd4 Qxd4+ 29. Nxd4 Rxd4 30. Bh6 Re8 31. Bxa6 Nxf3+ 32. Kf2 Nh2 33. Be3 Ng4+
34. Ke2 Bg2 35. Rg1 Bc6 36. Rb6 Ba4 37. Rxg4 Bxd1+ 38. Kf2 Rxg4 39. Rd6 Rge4
40. Bb5 R8e5 41. Bc6 Rf5+ 0-1

[Event "4NCL Division 1b"]
[Site "Telford, ENG"]
[Date "2017.03.04"]
[Round "7.63"]
[White "Haria, Ravi"]
[Black "Lewis, Andrew P"]
[Result "1-0"]
[WhiteElo "2413"]
[BlackElo "2277"]
[PlyCount "147"]
[EventDate "2017.03.04"]
[WhiteTeam "Wood Green HK"]
[BlackTeam "Anglian Avengers 1"]

1. e4 c5 2. Nf3 d6 3. Bb5+ Bd7 4. Bxd7+ Nxd7 5. O-O Ngf6 6. Qe2 e6 7. b3 Be7 8.
Bb2 O-O 9. d4 cxd4 10. Bxd4 e5 11. Bb2 Nc5 12. Nfd2 d5 13. exd5 Nxd5 14. Nc4 f6
15. Nc3 Nxc3 16. Bxc3 Qc7 17. Ne3 Qc6 18. Rad1 Rf7 19. Nd5 Bf8 20. f4 e4 21.
Bb2 Re8 22. Ne3 b5 23. Rd5 a6 24. Rfd1 Ne6 25. g3 Bc5 26. Bc1 Nc7 27. R5d2 f5
28. Kg2 g6 29. Bb2 h5 30. Bd4 Bb4 31. c3 Bf8 32. c4 Ne6 33. Be5 bxc4 34. Qxc4
Qxc4 35. Nxc4 Nc5 36. Nd6 Bxd6 37. Rxd6 Nd3 38. Rxg6+ Kh7 39. Rc6 Ree7 40. Rf1
e3 41. Rc2 Nxe5 42. fxe5 Rxe5 43. Kf3 h4 44. Re1 hxg3 45. hxg3 Rd7 46. Kf4 Re4+
47. Kxf5 Rde7 48. Rh1+ Kg7 49. Rc7 Kg8 50. Rc6 R7e5+ 51. Kf6 Re8 52. Re1 e2 53.
Rc5 Rf8+ 54. Kg6 Re6+ 55. Kg5 Rf1 56. Rcc1 Re5+ 57. Kh4 Re4+ 58. Kh3 Rf3 59.
Kg2 Ree3 60. Rxe2 Rxe2+ 61. Kxf3 Rxa2 62. Ke4 a5 63. Kd4 a4 64. b4 Rb2 65. Kc5
a3 66. Ra1 a2 67. Kb5 Kf7 68. Ka4 Ke6 69. Ka3 Rg2 70. Rxa2 Rxg3+ 71. Ka4 Kd5
72. Kb5 Kd6 73. Kb6 Kd7 74. Rc2 1-0

[Event "4NCL Division 1b"]
[Site "Telford, ENG"]
[Date "2017.03.04"]
[Round "7.64"]
[White "Lindner, Daniel"]
[Black "McDonald, Neil"]
[Result "0-1"]
[WhiteElo "2218"]
[BlackElo "2412"]
[PlyCount "74"]
[EventDate "2017.03.04"]
[WhiteTeam "Anglian Avengers 1"]
[BlackTeam "Wood Green HK"]

1. c4 g6 2. g3 Bg7 3. Bg2 f5 4. Nc3 Nf6 5. d3 O-O 6. e4 d6 7. Nge2 c5 8. O-O
fxe4 9. dxe4 Nc6 10. h3 e5 11. Nd5 Nxd5 12. Qxd5+ Kh8 13. b3 Qe7 14. Qd3 Be6
15. Nc3 Rf7 16. Nd5 Qd7 17. Kh2 Raf8 18. Be3 Nd4 19. Bxd4 cxd4 20. Qd2 h5 21.
h4 Kh7 22. f3 Bh6 23. Qd3 g5 24. hxg5 Bxg5 25. f4 exf4 26. gxf4 Bxf4+ 27. Nxf4
Rxf4 28. Rxf4 Rxf4 29. Qxd4 Qe7 30. Rf1 Rxf1 31. Bxf1 Qh4+ 32. Kg1 Qg3+ 33. Bg2
Bh3 34. Qf2 Qxf2+ 35. Kxf2 Bxg2 36. Kxg2 Kg6 37. b4 Kf6 0-1

[Event "4NCL Division 1b"]
[Site "Telford, ENG"]
[Date "2017.03.04"]
[Round "7.65"]
[White "Pein, Malcolm"]
[Black "Oyama, Akito"]
[Result "1-0"]
[WhiteElo "2345"]
[BlackElo "2275"]
[PlyCount "35"]
[EventDate "2017.03.04"]
[WhiteTeam "Wood Green HK"]
[BlackTeam "Anglian Avengers 1"]

1. d4 f5 2. Nc3 Nf6 3. Bf4 d5 4. Nf3 e6 5. e3 Ne4 6. Nxe4 fxe4 7. Ne5 g6 8. f3
Bd6 9. fxe4 O-O 10. Qg4 Bxe5 11. dxe5 dxe4 12. Bc4 Rf5 13. Rd1 Qe7 14. O-O Bd7
15. Bg3 Kf8 16. Bh4 Qe8 17. Qxe4 Bc6 18. Rxf5+ 1-0

[Event "4NCL Division 1b"]
[Site "Telford, ENG"]
[Date "2017.03.04"]
[Round "7.66"]
[White "Spence, David J"]
[Black "Weaving, Richard"]
[Result "1/2-1/2"]
[WhiteElo "2165"]
[BlackElo "2342"]
[PlyCount "33"]
[EventDate "2017.03.04"]
[WhiteTeam "Anglian Avengers 1"]
[BlackTeam "Wood Green HK"]

1. d4 Nf6 2. Nf3 d5 3. g3 e6 4. Bg2 Be7 5. O-O O-O 6. c4 dxc4 7. Qc2 a6 8. Qxc4
b5 9. Qc2 Bb7 10. Bg5 Nbd7 11. Bxf6 Nxf6 12. Nbd2 Rc8 13. Nb3 Be4 14. Qc1 c5
15. dxc5 Qc7 16. Nfd4 Bxg2 17. Kxg2 1/2-1/2

[Event "4NCL Division 1b"]
[Site "Telford, ENG"]
[Date "2017.03.04"]
[Round "7.67"]
[White "Mikalsen, Erlend"]
[Black "Talsma, Paul"]
[Result "1-0"]
[WhiteElo "2350"]
[BlackElo "2200"]
[PlyCount "137"]
[EventDate "2017.03.04"]
[WhiteTeam "Wood Green HK"]
[BlackTeam "Anglian Avengers 1"]

1. e4 e5 2. Nf3 Nc6 3. Bb5 a6 4. Ba4 Nf6 5. O-O Nxe4 6. d4 exd4 7. Re1 d5 8.
Nxd4 Bd6 9. Nxc6 Bxh2+ 10. Kh1 Qh4 11. Rxe4+ dxe4 12. Qd8+ Qxd8 13. Nxd8+ Kxd8
14. Kxh2 Be6 15. Nc3 c5 16. a3 c4 17. Bg5+ f6 18. Nxe4 b5 19. Rd1+ Ke7 20. Bxb5
axb5 21. Be3 Rhd8 22. Bc5+ Kf7 23. Re1 Ra6 24. Nc3 Rd2 25. Nxb5 Rxc2 26. Kg3
Rd2 27. Bb4 Rd3+ 28. f3 Bd7 29. Nc3 Re6 30. Rh1 Kg6 31. Rh4 Rc6 32. Ne2 Re3 33.
Nf4+ Kf7 34. Rxh7 Bf5 35. Rh8 Rc8 36. Rh5 g5 37. Nd5 Re5 38. Nc3 Rce8 39. a4
Kg6 40. Rh1 Re1 41. Rxe1 Rxe1 42. Nd5 Re5 43. Nb6 Be6 44. Bc3 Rc5 45. Kf2 g4
46. Ke3 gxf3 47. gxf3 Rc6 48. a5 Bc8 49. Nd5 Kf7 50. Nxf6 Rd6 51. Ng4 Bxg4 52.
fxg4 Kg6 53. Kf4 Rd1 54. Ke5 Kg5 55. Bb4 Rb1 56. Bc3 Rd1 57. Ke4 Kxg4 58. Bb4
Kg5 59. Ba3 Kf6 60. a6 c3 61. a7 Rd8 62. bxc3 Ke6 63. Bc5 Kd7 64. Bb6 Rg8 65.
Kd5 Rg5+ 66. Kc4 Rg8 67. Kb5 Rc8 68. Bd4 Kc7 69. Ka6 1-0

[Event "4NCL Division 1b"]
[Site "Telford, ENG"]
[Date "2017.03.04"]
[Round "7.68"]
[White "York-Andersen, Anna"]
[Black "Longson, Sarah N"]
[Result "0-1"]
[WhiteElo "1774"]
[BlackElo "2177"]
[PlyCount "128"]
[EventDate "2017.03.04"]
[WhiteTeam "Anglian Avengers 1"]
[BlackTeam "Wood Green HK"]

1. e4 e5 2. Nf3 Nc6 3. d4 exd4 4. Bc4 Nf6 5. O-O Nxe4 6. Re1 d5 7. Bxd5 Qxd5 8.
Nc3 Qd7 9. Nxe4 Be7 10. Bg5 O-O 11. Bxe7 Nxe7 12. Nxd4 b6 13. Re3 Bb7 14. Ng5
h6 15. Ngf3 Nd5 16. Re1 Nf4 17. Ne5 Qd5 18. Ndf3 Rad8 19. c4 Qc5 20. Qb3 f6 21.
Ng4 Rd3 22. Qb5 Nxg2 23. Qxc5 bxc5 24. Kxg2 Bxf3+ 25. Kg3 Bxg4+ 26. Kxg4 Rfd8
27. Re7 g6 28. Re3 R8d4+ 29. Kf3 Rxe3+ 30. Kxe3 Rxc4 31. Rd1 Kf7 32. Rd7+ Ke6
33. Rxc7 a5 34. Kd3 Rd4+ 35. Ke3 Kd6 36. Rg7 a4 37. f4 Ke6 38. Rc7 Rb4 39. Rxc5
Rxb2 40. Rc6+ Kf5 41. Ra6 Rxa2 42. h3 Ra3+ 43. Kf2 Rxh3 44. Rxa4 Kg4 45. Kg2
Rb3 46. Ra6 Rb2+ 47. Kf1 Rb4 48. f5 Rf4+ 49. Kg2 Rxf5 50. Ra3 Rb5 51. Rg3+ Kf5
52. Rf3+ Ke6 53. Re3+ Re5 54. Rh3 h5 55. Kf3 Ra5 56. Kf2 Ra2+ 57. Kg1 f5 58.
Rg3 Kf6 59. Rh3 f4 60. Rc3 Kf5 61. Rc5+ Kg4 62. Rc6 g5 63. Rc4 Kg3 64. Kf1 f3
0-1

[Event "4NCL Division 1b"]
[Site "Telford, ENG"]
[Date "2017.03.04"]
[Round "7.71"]
[White "Adair, James R"]
[Black "Ghasi, Ameet K"]
[Result "0-1"]
[WhiteElo "2479"]
[BlackElo "2459"]
[PlyCount "138"]
[EventDate "2017.03.04"]
[WhiteTeam "White Rose 1"]
[BlackTeam "Grantham Sharks 1"]

1. e4 c5 2. Nf3 e6 3. d4 cxd4 4. Nxd4 Nc6 5. Nc3 Qc7 6. Be2 a6 7. O-O Nf6 8.
Be3 Bb4 9. Na4 Be7 10. Nxc6 bxc6 11. Nb6 Rb8 12. Nxc8 Qxc8 13. e5 Nd5 14. Bc1
Bc5 15. c4 Ne7 16. b3 Qc7 17. Bb2 d6 18. exd6 Bxd6 19. g3 Be5 20. Bxe5 Qxe5 21.
Re1 c5 22. Bh5 Qf6 23. Qd6 Rd8 24. Qxa6 g6 25. Be2 O-O 26. Red1 Ra8 27. Qd6
Rfc8 28. Rd2 Rd8 29. Qxd8+ Rxd8 30. Rxd8+ Kg7 31. a4 Qc3 32. Rad1 Qxb3 33. Ra8
Nc6 34. a5 Qb7 35. Re8 Nxa5 36. Rdd8 Nc6 37. Rg8+ Kf6 38. Bf3 Qb1+ 39. Rd1 Qb3
40. Kg2 Nd4 41. Rxd4 cxd4 42. c5 Qc2 43. c6 e5 44. Re8 d3 45. Rd8 d2 46. c7 e4
47. Be2 Qxc7 48. Rxd2 Qc6 49. Ra2 Qc3 50. h4 Qd4 51. h5 gxh5 52. Bxh5 Qd5 53.
Ra6+ Kg7 54. Be2 e3+ 55. f3 Qd2 56. Kf1 Qc1+ 57. Kg2 Qe1 58. Ra2 Qf2+ 59. Kh3
f5 60. f4 Kf6 61. Ra6+ Kg7 62. Ra7+ Kf6 63. Ra6+ Ke7 64. Ra2 Kd6 65. Rc2 h6 66.
Rb2 Kc5 67. Rb5+ Kd4 68. Rb2 Kc3 69. Ra2 Kb4 0-1

[Event "4NCL Division 1b"]
[Site "Telford, ENG"]
[Date "2017.03.04"]
[Round "7.72"]
[White "Roberson, Peter T"]
[Black "Wells, Peter K"]
[Result "1-0"]
[WhiteElo "2398"]
[BlackElo "2428"]
[PlyCount "71"]
[EventDate "2017.03.04"]
[WhiteTeam "Grantham Sharks 1"]
[BlackTeam "White Rose 1"]

1. e4 c5 2. Nf3 d6 3. d4 cxd4 4. Nxd4 Nf6 5. Nc3 Nc6 6. Bg5 e6 7. Qd2 Be7 8.
O-O-O Nxd4 9. Qxd4 O-O 10. f4 Qa5 11. Kb1 h6 12. h4 Rd8 13. Qe3 Bd7 14. Bd3 Bc6
15. Qg3 Kf8 16. e5 Ng8 17. Rdf1 hxg5 18. hxg5 Ke8 19. Rh7 Bf8 20. exd6 Rxd6 21.
f5 exf5 22. Rxf5 Qd8 23. Qf2 Rxd3 24. cxd3 Qxd3+ 25. Ka1 Rd8 26. Rh8 Qd1+ 27.
Nb1 Rc8 28. a3 Ne7 29. Rxf7 Qxb1+ 30. Kxb1 Be4+ 31. Ka1 Rc1+ 32. Ka2 Bd5+ 33.
b3 Bxf7 34. g6 Nxg6 35. Qe3+ Ne7 36. Rxf8+ 1-0

[Event "4NCL Division 1b"]
[Site "Telford, ENG"]
[Date "2017.03.04"]
[Round "7.73"]
[White "McNab, Colin A"]
[Black "Batchelor, Peter J"]
[Result "1-0"]
[WhiteElo "2437"]
[BlackElo "2327"]
[PlyCount "73"]
[EventDate "2017.03.04"]
[WhiteTeam "White Rose 1"]
[BlackTeam "Grantham Sharks 1"]

1. Nf3 Nf6 2. g3 g6 3. c4 c6 4. b3 Bg7 5. Bb2 d5 6. Bg2 O-O 7. O-O Nbd7 8. cxd5
cxd5 9. Nc3 Ne4 10. Qc2 Nxc3 11. dxc3 Nf6 12. Rad1 Qa5 13. c4 Bf5 14. Qd2 Qxa2
15. Nd4 Qa6 16. Nxf5 gxf5 17. cxd5 Ne8 18. Ra1 Qg6 19. Bxg7 Kxg7 20. Rxa7 Rxa7
21. Qd4+ Qf6 22. Qxa7 Nd6 23. Qe3 Ra8 24. h4 Ra1 25. Rxa1 Qxa1+ 26. Kh2 Kf8 27.
Bf3 Qf6 28. Kg2 b5 29. Qd2 f4 30. Qxf4 Qxf4 31. gxf4 Nf5 32. e4 Nxh4+ 33. Kg3
Nxf3 34. Kxf3 b4 35. Kg4 Kg7 36. e5 f6 37. Kh5 1-0

[Event "4NCL Division 1b"]
[Site "Telford, ENG"]
[Date "2017.03.04"]
[Round "7.74"]
[White "Foisor, Mihaela-Veronica"]
[Black "Gourlay, Iain"]
[Result "0-1"]
[WhiteElo "2227"]
[BlackElo "2393"]
[PlyCount "60"]
[EventDate "2017.03.04"]
[WhiteTeam "Grantham Sharks 1"]
[BlackTeam "White Rose 1"]

1. d4 d5 2. c4 c6 3. e3 Nf6 4. Nc3 a6 5. Nf3 Bf5 6. a4 e6 7. Be2 Nbd7 8. Nh4
Be4 9. f3 Bg6 10. Nxg6 hxg6 11. e4 dxe4 12. fxe4 Bb4 13. Qc2 e5 14. Be3 Qa5 15.
O-O exd4 16. Bxd4 Bc5 17. Bf2 O-O-O 18. Rab1 Qc7 19. g3 Bxf2+ 20. Rxf2 Ne5 21.
b4 Neg4 22. Bxg4+ Nxg4 23. Re2 Nxh2 24. Rxh2 Qxg3+ 25. Rg2 Qe3+ 26. Rf2 Rh3 27.
Qe2 Rg3+ 28. Kf1 Qxc3 29. Rd1 Rxd1+ 30. Qxd1 Qxc4+ 0-1

[Event "4NCL Division 1b"]
[Site "Telford, ENG"]
[Date "2017.03.04"]
[Round "7.75"]
[White "Palliser, Richard J D"]
[Black "Bremner, Adam"]
[Result "1/2-1/2"]
[WhiteElo "2414"]
[BlackElo "2217"]
[PlyCount "127"]
[EventDate "2017.03.04"]
[WhiteTeam "White Rose 1"]
[BlackTeam "Grantham Sharks 1"]

1. e4 e5 2. Nf3 Nc6 3. Bb5 a6 4. Ba4 Nf6 5. d3 d6 6. Nc3 b5 7. Bb3 Na5 8. O-O
Be7 9. h3 O-O 10. Nh2 b4 11. Ne2 Nxb3 12. axb3 d5 13. f3 Bc5+ 14. Kh1 h6 15.
Qe1 Re8 16. Ng3 c6 17. Be3 Qb6 18. Bxc5 Qxc5 19. Qd2 Qb5 20. Ng4 Nxg4 21. fxg4
f6 22. Rae1 d4 23. Nh5 Rf8 24. Rf3 Qb7 25. Ref1 Qe7 26. Qf2 Bd7 27. Qh4 Be8 28.
Ng3 Bg6 29. Nf5 Bxf5 30. gxf5 Kh7 31. Rg3 a5 32. Ra1 Ra7 33. Qh5 Qc5 34. Qe2
Rfa8 35. Ra4 Qe7 36. Rg6 Qc5 37. Kg1 Kg8 38. Kf1 Kf8 39. Ke1 Rf7 40. Kd2 Ke8
41. Qh5 Qf8 42. h4 Kd7 43. Rg3 Kc7 44. Rh3 Kb6 45. Rh1 Qe7 46. Qe2 Rff8 47. Rh3
Rf7 48. Rg3 Rff8 49. Rg6 Rf7 50. g4 Rff8 51. Qg2 Rf7 52. Qg1 Qc5 53. Qd1 Kb5
54. Ke1 Qe7 55. Qd2 Qc5 56. Kf2 Qe7 57. Kg2 Qc5 58. Qe2 Kb6 59. Ra1 Qe7 60. Qd2
Qc5 61. Kg3 Kb5 62. Ra4 Kb6 63. Qe2 Qe7 64. Qd2 1/2-1/2

[Event "4NCL Division 1b"]
[Site "Telford, ENG"]
[Date "2017.03.04"]
[Round "7.76"]
[White "Law, Zhe Kang"]
[Black "Weller, Jean-Luc"]
[Result "1-0"]
[WhiteElo "2215"]
[BlackElo "2269"]
[PlyCount "117"]
[EventDate "2017.03.04"]
[WhiteTeam "Grantham Sharks 1"]
[BlackTeam "White Rose 1"]

1. d4 Nf6 2. c4 e6 3. Nc3 Bb4 4. Qc2 d5 5. a3 Bxc3+ 6. Qxc3 O-O 7. Nf3 Nbd7 8.
Bg5 c6 9. e3 Ne4 10. Bxd8 Nxc3 11. Bc7 Ne4 12. Bd3 Ndf6 13. Nd2 Nxd2 14. Kxd2
dxc4 15. Bxc4 b6 16. f3 Bb7 17. Rac1 Rac8 18. Bg3 Rfe8 19. e4 Rcd8 20. Ke3 Nh5
21. Bf2 Kh8 22. e5 g6 23. g4 Ng7 24. Bh4 Rd7 25. Bf6 Rc8 26. h4 c5 27. dxc5
Rxc5 28. b4 Rc8 29. h5 Kg8 30. hxg6 fxg6 31. Bxg7 Kxg7 32. Bxe6 Rxc1 33. Rxc1
Re7 34. Kf4 Bxf3 35. Kxf3 Rxe6 36. Rc7+ Kg8 37. Kf4 a6 38. Ra7 b5 39. g5 Rc6
40. Ke4 Kf8 41. Kd5 Rc3 42. Rxa6 Rg3 43. e6 Rd3+ 44. Ke4 Rg3 45. Kf4 Rg1 46.
Ra7 Re1 47. Rxh7 Rxe6 48. Rb7 Ra6 49. Rxb5 Rxa3 50. Ke5 Rf3 51. Ke6 Kg7 52.
Rb7+ Kf8 53. b5 Rf5 54. b6 Rxg5 55. Rf7+ Ke8 56. b7 Rb5 57. Rc7 Rb6+ 58. Kd5
Kd8 59. Rc8+ 1-0

[Event "4NCL Division 1b"]
[Site "Telford, ENG"]
[Date "2017.03.04"]
[Round "7.77"]
[White "Gantner, Matthias"]
[Black "Cumbers, Paul"]
[Result "1/2-1/2"]
[WhiteElo "2296"]
[BlackElo "2170"]
[PlyCount "96"]
[EventDate "2017.03.04"]
[WhiteTeam "White Rose 1"]
[BlackTeam "Grantham Sharks 1"]

1. e4 e6 2. d4 d5 3. Nc3 Nf6 4. e5 Nfd7 5. f4 c5 6. Nf3 Be7 7. Be3 b6 8. a4 Nc6
9. Be2 O-O 10. O-O Bb7 11. Na2 cxd4 12. Nxd4 Nc5 13. Nc3 f6 14. exf6 Bxf6 15.
Bg4 Qd7 16. Qd2 Rad8 17. Rae1 Nxd4 18. Bxd4 Ne4 19. Qe3 Qc6 20. Bxf6 gxf6 21.
Nb5 f5 22. Nd4 Qd6 23. Be2 Rf6 24. Bd3 Rg6 25. c3 h6 26. Rd1 Qe7 27. Kh1 Kh7
28. Bxe4 dxe4 29. Nb5 Ba6 30. Rd4 Bxb5 31. axb5 Rgg8 32. Rfd1 Rxd4 33. Rxd4 Rd8
34. Qd2 Rxd4 35. Qxd4 Kg6 36. g3 h5 37. Kg2 h4 38. g4 Qc7 39. g5 e5 40. fxe5
Kxg5 41. e6 Kg4 42. Kf1 h3 43. Qg1+ Kh5 44. Qg8 Qf4+ 45. Ke1 e3 46. Qh7+ Kg5
47. Qg7+ Kh5 48. Qh7+ Kg5 1/2-1/2

[Event "4NCL Division 1b"]
[Site "Telford, ENG"]
[Date "2017.03.04"]
[Round "7.78"]
[White "Milson, Samuel A"]
[Black "Maroroa, Sue"]
[Result "0-1"]
[WhiteElo "2092"]
[BlackElo "2320"]
[PlyCount "66"]
[EventDate "2017.03.04"]
[WhiteTeam "Grantham Sharks 1"]
[BlackTeam "White Rose 1"]

1. e4 e5 2. Nf3 Nc6 3. Bb5 a6 4. Ba4 Nf6 5. O-O Be7 6. Re1 b5 7. Bb3 d6 8. c3
O-O 9. h3 Nb8 10. d4 Nbd7 11. Nbd2 Bb7 12. Bc2 c5 13. Nf1 cxd4 14. cxd4 exd4
15. Nxd4 Re8 16. Ng3 d5 17. e5 Bb4 18. f4 Bxe1 19. Qxe1 Nc5 20. Ngf5 Nfe4 21.
Qe2 Kh8 22. Qg4 Rg8 23. b4 Ne6 24. Nd6 Nxd6 25. Nxe6 fxe6 26. Bxh7 Nf5 27. Qh5
Qh4 28. Qxh4 Nxh4 29. Bxg8 Kxg8 30. Be3 Nxg2 31. Kxg2 d4+ 32. Kf2 dxe3+ 33.
Kxe3 Rc8 0-1